000 01157nam a2200229Ia 4500
001 L230-5685
003 IT-CnALBA
008 170116s9999||||xx |||||||||||||| ||und||
040 _aIT-CnALBA
_cIT-CnALBA
041 _aITALIANO
100 _aADAM KARL
245 0 _aL'ESSENZA DEL CATTOLICESIMO.
250 _a3a ed.
260 _a BRESCIA
_bMORCELLIANA EDITRICE
_c1938 [1° Ed.: n.d.]
300 _a346 p.
500 _aTRADUZIONE DAL TEDESCO DI DENDISCIOLI M. CRISTO NELLA CHIESA. CHIESA CORPO DI CRISTO. DALLA CHIESA A CRISTO. PREDICAZIONE DI GESÙ. PIETRO NELLA CHIESA. COMUNIONE DEI SANTI. CHIESA CATTOLICA. UNA SOLA CHIESA. SACRAMENTI DELLA CHIESA. CHIESA EDUCANTE. CATTO
501 _aSocietà San Paolo EM - Piazza San Paolo, 14 - 12051 ALBA (CN) (non commercial uses only) ® Copyright 2017
520 _aTRADUZIONE DAL TEDESCO DI DENDISCIOLI M. CRISTO NELLA CHIESA. CHIESA CORPO DI CRISTO. DALLA CHIESA A CRISTO. PREDICAZIONE DI GESÙ. PIETRO NELLA CHIESA. COMUNIONE DEI SANTI. CHIESA CATTOLICA. UNA SOLA CHIESA. SACRAMENTI DELLA CHIESA. CHIESA EDUCANTE. CATTO
650 _aDOGMATICA CRISTIANA
942 _cBK
957 _71
999 _a6664
_bSI
_g Copie: 1
_c264870
_d264870